000 00501nam a22001457a 4500
999 _c11085
_d11085
008 181011b ||||| |||| 00| 0 eng d
022 _a16565649
082 _aDPer 303.405 H22 June -Sept 2016 v.12 n. 7-10
100 _932084
_aYeo, Kenny.
245 _aKnow your car:
_bthe diesel edition/
_cKenny Yeo.
260 _aQuezon City:
_bHardware Zone Phils. Corp.,
_cJune -Sept 2016.
300 _av12 n10, pages 83-85:
_billustrations;
_c28 cm.
650 _aAutomobile industry.
_932085
942 _2ddc
_cPER